000 00389nam a2200157Ia 4500
008 230917s9999||||xx |||||||||||||| ||und||
020 _cRS150
040 _e27096
_aMAIN
041 _aEnglish
082 _a891.28 J251S
100 _aJanaki, S S
245 0 _aSanskrit and science
260 _aChennai
_bKuppuswami Sastri Research Institute
_c1997
300 _ax, 175 p.
942 _cBK
999 _c81155
_d81155